[Event "Maipu Magistral"]
[Site "Maipu CHI"]
[Date "2002.08.26"]
[Round "7"]
[White "Castellanos, Renier"]
[Black "Toloza Soto, Pablo Alejandro"]
[Result "1/2-1/2"]
[WhiteElo "2367"]
[BlackElo "2385"]
[PlyCount "71"]
[EventDate "2002.08.17"]
[EventType "tourn"]
[EventRounds "11"]
[EventCountry "CHI"]
[EventCategory "1"]
[Source "ChessBase"]
[SourceDate "2005.11.24"]

1. e4 e5 2. Nf3 Nc6 3. Bc4 Nf6 4. d3 Be7 5. O-O O-O 6. Bb3 d6 7. c3 a6 8. Nbd2
b5 9. Re1 Na5 10. Bc2 c5 11. Nf1 Re8 12. h3 Bf8 13. a3 h6 14. Ng3 Nc6 15. Nh2
Be6 16. Qf3 g6 17. Ngf1 h5 18. g4 hxg4 19. hxg4 Nh7 20. Qg3 Be7 21. Kg2 Bg5 22.
Nf3 Bxc1 23. Raxc1 Ng5 24. Ne3 Qf6 25. Nxg5 Qxg5 26. Rh1 Kg7 27. Rh3 Rh8 28.
Rch1 Qf4 29. Rxh8 Rxh8 30. Rxh8 Kxh8 31. g5 Qxg3+ 32. Kxg3 Kg7 33. Bd1 Ne7 34.
f4 f6 35. gxf6+ Kxf6 36. Bg4 1/2-1/2

[Event "Maipu Magistral"]
[Site "Maipu CHI"]
[Date "2002.08.29"]
[Round "8"]
[White "Castellanos, Renier"]
[Black "Toro, Felipe"]
[Result "1-0"]
[WhiteElo "2367"]
[BlackElo "2285"]
[PlyCount "53"]
[EventDate "2002.08.17"]
[EventType "tourn"]
[EventRounds "11"]
[EventCountry "CHI"]
[EventCategory "1"]
[Source "ChessBase"]
[SourceDate "2005.11.24"]

1. e4 e5 2. Nf3 Nc6 3. Bb5 a6 4. Ba4 Nf6 5. O-O Be7 6. Re1 b5 7. Bb3 O-O 8. h3
d6 9. c3 Na5 10. Bc2 Bb7 11. d4 Nc4 12. a4 bxa4 13. Rxa4 Nb6 14. Ra1 Nfd7 15.
Nbd2 Bf6 16. Nb3 Nc4 17. Bd3 Ndb6 18. Qe2 d5 19. Nc5 dxe4 20. Nxe4 Bxe4 21.
Qxe4 g6 22. Bxc4 exd4 23. Qc6 dxc3 24. Rb1 Nxc4 25. Qxc4 Rb8 26. Bh6 Re8 27.
bxc3 1-0

[Event "Maipu Magistral"]
[Site "Maipu CHI"]
[Date "2002.08.31"]
[Round "9"]
[White "Calcagno, Jose"]
[Black "Castellanos, Renier"]
[Result "0-1"]
[WhiteElo "2061"]
[BlackElo "2367"]
[PlyCount "94"]
[EventDate "2002.08.17"]
[EventType "tourn"]
[EventRounds "11"]
[EventCountry "CHI"]
[EventCategory "1"]
[Source "ChessBase"]
[SourceDate "2005.11.24"]

1. e4 c5 2. Nf3 d6 3. d4 cxd4 4. Nxd4 Nf6 5. Nc3 a6 6. Bg5 e6 7. Qd2 h6 8. Bxf6
Qxf6 9. O-O-O Bd7 10. f4 Nc6 11. Nxc6 Bxc6 12. Be2 O-O-O 13. Bf3 Qe7 14. Rhe1
Qc7 15. Qd4 Kb8 16. Rd3 Rg8 17. Red1 Be7 18. b4 Rc8 19. Qc4 Rgd8 20. a4 Be8 21.
Qxc7+ Rxc7 22. b5 Rdc8 23. Kd2 axb5 24. axb5 Bf6 25. e5 dxe5 26. b6 Rxc3 27.
Rxc3 Rxc3 28. Kxc3 e4+ 29. Kc4 exf3 30. gxf3 Bc6 31. Rd3 Kc8 32. Ra3 Bd8 33.
Ra8+ Kd7 34. Kc5 Be7+ 35. Kd4 Bxf3 36. c4 Kc6 37. Ke3 Bh5 38. Ra5 Bc5+ 39. Kd3
Bg6+ 40. Kc3 Kxb6 41. Rb5+ Kc6 42. Rb2 Bf5 43. Rg2 g6 44. h4 Be7 45. Rh2 h5 46.
Kd4 Bf6+ 47. Ke3 Kc5 0-1

[Event "Maipu Magistral"]
[Site "Maipu CHI"]
[Date "2002.09.01"]
[Round "10"]
[White "Castellanos, Renier"]
[Black "Riffo, Elizardo"]
[Result "1/2-1/2"]
[WhiteElo "2367"]
[BlackElo "2256"]
[PlyCount "71"]
[EventDate "2002.08.17"]
[EventType "tourn"]
[EventRounds "11"]
[EventCountry "CHI"]
[EventCategory "1"]
[Source "ChessBase"]
[SourceDate "2005.11.24"]

1. e4 c6 2. d4 d5 3. e5 Bf5 4. Nc3 a6 5. Be3 Qb6 6. Rb1 Nd7 7. g4 Bg6 8. Nge2
O-O-O 9. Bg2 e6 10. O-O Ne7 11. Ng3 f5 12. exf6 gxf6 13. b4 f5 14. g5 h6 15. h4
Qc7 16. Nce2 Nb6 17. Bf4 Qd7 18. Be5 Rh7 19. Nf4 hxg5 20. hxg5 Bf7 21. Ngh5
Bxh5 22. Nxh5 Ng6 23. Nf6 Qf7 24. Nxh7 Qxh7 25. Rb3 Nxe5 26. dxe5 Qg7 27. f4 c5
28. bxc5 Bxc5+ 29. Kh2 Nc4 30. Rff3 Rh8+ 31. Rh3 Ne3 32. Rbxe3 Bxe3 33. Qf3
Rxh3+ 34. Kxh3 Qh7+ 35. Kg3 Bc5 36. Qc3 1/2-1/2

[Event "Maipu Magistral"]
[Site "Maipu CHI"]
[Date "2002.09.02"]
[Round "11"]
[White "Velasquez Ojeda, Cesar"]
[Black "Castellanos, Renier"]
[Result "0-1"]
[WhiteElo "2323"]
[BlackElo "2367"]
[PlyCount "42"]
[EventDate "2002.08.17"]
[EventType "tourn"]
[EventRounds "11"]
[EventCountry "CHI"]
[EventCategory "1"]
[Source "ChessBase"]
[SourceDate "2005.11.24"]

1. e4 c5 2. Nf3 d6 3. d4 cxd4 4. Nxd4 Nf6 5. Nc3 a6 6. Bg5 e6 7. f4 Qb6 8. Qd2
Qxb2 9. Rb1 Qa3 10. f5 Nc6 11. fxe6 fxe6 12. Nxc6 bxc6 13. e5 dxe5 14. Bxf6
gxf6 15. Ne4 Qxa2 16. Rd1 Be7 17. Be2 O-O 18. O-O f5 19. Qh6 Qxc2 20. Ng3 Qc5+
21. Kh1 e4 0-1

[Event "Casa Argentina"]
[Site "La Paz BOL"]
[Date "2002.06.15"]
[Round "1"]
[White "Vera, Kelver"]
[Black "Castellanos, Renier"]
[Result "1/2-1/2"]
[WhiteElo "2183"]
[BlackElo "2367"]
[PlyCount "113"]
[EventDate "2002.06.15"]
[EventType "tourn"]
[EventRounds "13"]
[EventCountry "BOL"]
[EventCategory "2"]
[Source "ChessBase"]
[SourceDate "2002.11.25"]

1. e4 c5 2. d4 cxd4 3. c3 Nf6 4. e5 Nd5 5. Nf3 e6 6. cxd4 d6 7. Nc3 Nxc3 8.
bxc3 Qc7 9. Bd2 Nd7 10. exd6 Bxd6 11. Bd3 b6 12. O-O Bb7 13. Re1 O-O 14. Qe2
Rac8 15. Be4 Bxe4 16. Qxe4 Qc4 17. Ng5 Nf6 18. Qf3 Rfd8 19. Ne4 Nxe4 20. Rxe4
Bf8 21. h4 Rd5 22. Qe2 Qxe2 23. Rxe2 Rc4 24. Be1 Be7 25. f4 Bd6 26. g3 h5 27.
Kf2 g6 28. Ke3 Ra4 29. Kd3 b5 30. Rb1 Kf8 31. Rc2 Ke7 32. c4 bxc4+ 33. Rxc4
Ra3+ 34. Bc3 Rxa2 35. Rb7+ Kf6 36. Ke4 Re2+ 37. Kf3 Ra2 38. Bb2 Ra6 39. Bc3 Ra3
40. Ke4 Ra6 41. Rc8 Kg7 42. Ra8 Ra3 43. Raxa7 Rxa7 44. Rxa7 Bf8 45. Ba5 Bd6 46.
Bc3 Kf8 47. Rb7 Be7 48. Bb4 Bxb4 49. Rxb4 Ra5 50. Rb3 Ke7 51. Rc3 Ra1 52. Rc7+
Kf6 53. Rc3 Ra7 54. Rb3 Ke7 55. Rc3 Kd6 56. Rb3 Ra6 57. Ke3 1/2-1/2

[Event "Casa Argentina"]
[Site "La Paz BOL"]
[Date "2002.06.17"]
[Round "3"]
[White "Cueto Chajtur, Johny"]
[Black "Castellanos, Renier"]
[Result "1/2-1/2"]
[WhiteElo "2408"]
[BlackElo "2367"]
[PlyCount "97"]
[EventDate "2002.06.15"]
[EventType "tourn"]
[EventRounds "13"]
[EventCountry "BOL"]
[EventCategory "2"]
[Source "ChessBase"]
[SourceDate "2002.11.25"]

1. d4 Nf6 2. Nf3 e6 3. Bg5 c5 4. Nc3 cxd4 5. Qxd4 Nc6 6. Qh4 Be7 7. e4 d6 8.
O-O-O Qa5 9. Bb5 Bd7 10. Rhe1 a6 11. Bxc6 Bxc6 12. Nd4 h6 13. f4 O-O 14. Bxf6
Bxf6 15. Qg3 Rac8 16. Kb1 Qb6 17. e5 dxe5 18. fxe5 Be7 19. Ne4 Bxe4 20. Rxe4
Rfd8 21. c3 Qc5 22. Rf1 Rd7 23. h4 Qd5 24. Qf3 Bc5 25. g4 b5 26. g5 h5 27. Rf4
Bxd4 28. Rxd4 Qxf3 29. Rxf3 Rcd8 30. Rff4 Rd5 31. Kc2 g6 32. Kb3 a5 33. a4 Kf8
34. Ka3 b4+ 35. Kb3 bxc3 36. Kxc3 Ke7 37. Rxd5 Rxd5 38. b4 Rxe5 39. bxa5 Rxa5
40. Kb4 Rf5 41. Rc4 Kd7 42. a5 Rf1 43. Kb5 Rb1+ 44. Ka6 Rb2 45. Ka7 Rb5 46. a6
e5 47. Ka8 Kd8 48. a7 Kd7 49. Rc7+ 1/2-1/2

[Event "Casa Argentina"]
[Site "La Paz BOL"]
[Date "2002.06.18"]
[Round "4"]
[White "Quispe Santacruz, Javier"]
[Black "Castellanos, Renier"]
[Result "0-1"]
[WhiteElo "2155"]
[BlackElo "2367"]
[PlyCount "86"]
[EventDate "2002.06.15"]
[EventType "tourn"]
[EventRounds "13"]
[EventCountry "BOL"]
[EventCategory "2"]
[Source "ChessBase"]
[SourceDate "2002.11.25"]

1. e4 c5 2. Nf3 d6 3. d4 cxd4 4. Nxd4 Nf6 5. Nc3 a6 6. Bg5 e6 7. f4 Nbd7 8. Qf3
Qc7 9. O-O-O b5 10. Bd3 Bb7 11. Qh3 O-O-O 12. Rhe1 b4 13. Nb1 Kb8 14. Nd2 Rc8
15. Kb1 Be7 16. Nc4 h6 17. Bxf6 Bxf6 18. Nb3 d5 19. exd5 Bxd5 20. Ne3 Bb7 21.
f5 e5 22. Qg4 e4 23. Bf1 Nb6 24. Qg3 Be5 25. Qf2 Bxh2 26. Qd2 Bg3 27. Re2 Bf4
28. Rf2 Rhd8 29. Qe2 Rxd1+ 30. Nxd1 Bg3 31. Ne3 Bxf2 32. Qxf2 Qe5 33. Ng4 Qd6
34. Be2 Na4 35. Qd4 Qxd4 36. Nxd4 Rd8 37. Nb3 Kc7 38. f6 h5 39. Ne5 gxf6 40.
Nxf7 Rg8 41. Bf1 e3 42. Nd4 Bxg2 43. Nh6 Rg6 0-1

[Event "PanAm-ch U20"]
[Site "La Paz BOL"]
[Date "2002.06.05"]
[Round "1"]
[White "Castellanos, Renier"]
[Black "Cabrera, A."]
[Result "1-0"]
[WhiteElo "2367"]
[BlackElo "2462"]
[PlyCount "89"]
[EventDate "2002.06.05"]
[EventType "swiss"]
[EventRounds "9"]
[EventCountry "BOL"]
[Source "Mark Crowther"]
[SourceDate "2002.06.17"]

1. e4 c5 2. Nf3 d6 3. d4 cxd4 4. Nxd4 Nf6 5. Nc3 a6 6. Bg5 e6 7. f4 Qc7 8. Bxf6
gxf6 9. Qd2 h5 10. Be2 b5 11. O-O-O Nd7 12. a3 Nb6 13. Rhe1 Bb7 14. Kb1 Nc4 15.
Bxc4 Qxc4 16. f5 Bc8 17. Qf2 b4 18. axb4 a5 19. bxa5 Rxa5 20. fxe6 fxe6 21. Nb3
Ra8 22. Qxf6 Rh6 23. Qg5 Ba6 24. Rxd6 Qc7 25. Red1 Bc4 26. Nb5 Qb8 27. Rd8+
Qxd8 28. Rxd8+ Rxd8 29. N3d4 Rd7 30. b3 Bxb5 31. Qxb5 Bg7 32. e5 Ke7 33. Qb4+
Kf7 34. Nf3 Rg6 35. Qf4+ Kg8 36. Qe4 Rxg2 37. h4 Rd5 38. Qc4 Rg3 39. Qc8+ Kh7
40. Qe8 Rd1+ 41. Kb2 Kh6 42. Qxe6+ Rg6 43. Qf5 Rf1 44. Qf4+ Kh7 45. Ng5+ 1-0

[Event "PanAm-ch U20"]
[Site "La Paz BOL"]
[Date "2002.06.08"]
[Round "4"]
[White "Castellanos, Renier"]
[Black "Prasca Sosa, Raphael"]
[Result "0-1"]
[WhiteElo "2367"]
[BlackElo "2352"]
[PlyCount "76"]
[EventDate "2002.06.05"]
[EventType "swiss"]
[EventRounds "9"]
[EventCountry "BOL"]
[Source "Mark Crowther"]
[SourceDate "2002.06.17"]

1. e4 e6 2. d4 d5 3. Nc3 Nf6 4. Bg5 Bb4 5. e5 h6 6. Bd2 Bxc3 7. bxc3 Ne4 8. Qg4
Kf8 9. Bd3 Nxd2 10. Kxd2 c5 11. h4 Nc6 12. Rh3 c4 13. Bf1 Qe7 14. a4 Rb8 15.
Ne2 Qe8 16. h5 Qe7 17. Nf4 Rg8 18. Rf3 Ke8 19. Nh3 a6 20. a5 b5 21. axb6 Rxb6
22. Qf4 a5 23. g4 Rb7 24. g5 hxg5 25. Nxg5 Rh8 26. Qg4 f6 27. Nh3 fxe5 28. Qg6+
Kd8 29. Ng5 Rf8 30. Rxf8+ Qxf8 31. Nxe6+ Bxe6 32. Qxe6 Qxf2+ 33. Be2 exd4 34.
Qg8+ Kc7 35. Qxg7+ Kb8 36. Qh8+ Ka7 37. cxd4 c3+ 38. Kd3 Qg3+ 0-1

[Event "PanAm-ch U20"]
[Site "La Paz BOL"]
[Date "2002.06.11"]
[Round "6"]
[White "Castellanos, Renier"]
[Black "Cabrejos Tovar, Jose"]
[Result "1-0"]
[WhiteElo "2367"]
[BlackElo "2228"]
[PlyCount "55"]
[EventDate "2002.06.05"]
[EventType "swiss"]
[EventRounds "9"]
[EventCountry "BOL"]
[Source "Mark Crowther"]
[SourceDate "2002.06.17"]

1. e4 e5 2. Nf3 f5 3. Nxe5 Qf6 4. d4 d6 5. Nc4 fxe4 6. Nc3 Qg6 7. Bf4 Nf6 8.
Qd2 Be7 9. O-O-O Bg4 10. Re1 O-O 11. f3 Nh5 12. Be3 exf3 13. gxf3 Bd7 14. Rg1
Qf7 15. Bg5 Bxg5 16. Rxg5 Nf4 17. Ne3 Be6 18. d5 Bd7 19. Bc4 h6 20. Rg3 Nh5 21.
Rgg1 Qf4 22. Ne2 Qf7 23. Nd4 Nf4 24. Ne6 Nxe6 25. dxe6 Bxe6 26. Bxe6 Qxe6 27.
Nd5 Qh3 28. Qd4 1-0

[Event "PanAm-ch U20"]
[Site "La Paz BOL"]
[Date "2002.06.12"]
[Round "7"]
[White "Mieles Palau, Daniel"]
[Black "Castellanos, Renier"]
[Result "1/2-1/2"]
[WhiteElo "2407"]
[BlackElo "2367"]
[PlyCount "96"]
[EventDate "2002.06.05"]
[EventType "swiss"]
[EventRounds "9"]
[EventCountry "BOL"]
[Source "Mark Crowther"]
[SourceDate "2002.06.17"]

1. e4 c5 2. Nc3 d6 3. f4 g6 4. g3 Bg7 5. Bg2 Nc6 6. d3 e6 7. Nf3 Nge7 8. O-O
O-O 9. Be3 Nd4 10. Qd2 b6 11. Qf2 Nec6 12. Ne1 Bb7 13. Nd1 Ne7 14. g4 f5 15.
gxf5 exf5 16. c3 Ne6 17. Qd2 Qd7 18. Nf2 d5 19. exd5 Nxd5 20. Nh3 Nxe3 21. Qxe3
Rfe8 22. Qd2 Re7 23. Bxb7 Qxb7 24. Ng2 Rae8 25. Rae1 Bf6 26. Ng5 h6 27. Nxe6
Rxe6 28. Rxe6 Rxe6 29. Re1 Qd5 30. Rxe6 Qxe6 31. a3 Kf7 32. Qd1 Qa2 33. Qc2 g5
34. Kf2 Qd5 35. Ne3 Qe6 36. Qa4 Kg6 37. Ng2 a6 38. Qxa6 Qb3 39. Qc8 Qc2+ 40.
Kg1 Qc1+ 41. Kf2 Qxb2+ 42. Kg3 Qe2 43. Qg8+ Bg7 44. Qd8 Bxc3 45. Qxb6+ Bf6 46.
Qd6 g4 47. Nh4+ Kh5 48. Qxf6 Qe3+ 1/2-1/2

[Event "PanAm-ch U20"]
[Site "La Paz BOL"]
[Date "2002.06.13"]
[Round "8"]
[White "Castellanos, Renier"]
[Black "Bustamante Montoni, Richard"]
[Result "1-0"]
[WhiteElo "2367"]
[BlackElo "2203"]
[PlyCount "143"]
[EventDate "2002.06.05"]
[EventType "swiss"]
[EventRounds "9"]
[EventCountry "BOL"]
[Source "Mark Crowther"]
[SourceDate "2002.06.17"]

1. e4 d6 2. d4 Nf6 3. Nc3 g6 4. Be3 c6 5. Qd2 b5 6. f3 Nbd7 7. O-O-O Qc7 8. Kb1
a5 9. g4 Nb6 10. e5 b4 11. Nb5 cxb5 12. exf6 Nc4 13. Bxc4 bxc4 14. fxe7 Bxe7
15. Ne2 Ba6 16. c3 d5 17. Bf4 Qb6 18. h4 Bb7 19. h5 Kd7 20. hxg6 hxg6 21. Be5
Rxh1 22. Rxh1 a4 23. Rh7 f6 24. Bg3 bxc3 25. Qxc3 g5 26. Be1 Qd6 27. Ng3 Re8
28. Nf5 Qe6 29. Ng7 Qg8 30. Qc2 Ra8 31. Qf5+ Kc6 32. Nh5 Bc8 33. Qc2 Qe6 34.
Bg3 a3 35. Rh6 axb2 36. Be5 fxe5 37. Rxe6+ Bxe6 38. Qg6 Kd7 39. Ng7 Bg8 40. Nf5
exd4 41. Nxd4 Rc8 42. Kxb2 c3+ 43. Kc2 Bc5 44. Qg7+ Kd6 45. Nb5+ Kc6 46. Nxc3
d4 47. Ne4 Bxa2 48. Qxg5 Bb6 49. Qe7 Rc7 50. Qe5 Kb7+ 51. Kd2 Ka6 52. Qd6 Bc4
53. g5 Kb7 54. Qa3 Kc6 55. Qa8+ Kd7 56. f4 Ra7 57. Nf6+ Kc7 58. Qe8 Ra2+ 59.
Kd1 d3 60. Qe7+ Kc6 61. Ne4 Ra1+ 62. Kd2 Ba5+ 63. Ke3 Re1+ 64. Kf3 d2 65. Qd6+
Kb7 66. Nxd2 Bb5 67. Nb3 Bb6 68. Nc5+ Ka7 69. Kg4 Rg1+ 70. Kf5 Re1 71. g6 Bc4
72. Qd7+ 1-0

[Event "PanAm-ch U20"]
[Site "La Paz BOL"]
[Date "2002.06.14"]
[Round "9"]
[White "Pacheco, Marco"]
[Black "Castellanos, Renier"]
[Result "1/2-1/2"]
[WhiteElo "2240"]
[BlackElo "2367"]
[PlyCount "60"]
[EventDate "2002.06.05"]
[EventType "swiss"]
[EventRounds "9"]
[EventCountry "BOL"]
[Source "Mark Crowther"]
[SourceDate "2002.06.17"]

1. d4 Nf6 2. Nf3 e6 3. g3 c5 4. Bg2 cxd4 5. Nxd4 d5 6. O-O e5 7. Nb3 Be6 8. c4
Nc6 9. cxd5 Bxd5 10. Bg5 Bxg2 11. Kxg2 Be7 12. Nc3 O-O 13. Qxd8 Rfxd8 14. Rfd1
Rxd1 15. Rxd1 Rd8 16. Rxd8+ Bxd8 17. Bxf6 Bxf6 18. Nd5 Bd8 19. Nc5 b6 20. Nd3
f5 21. f3 Kf7 22. e4 Ke6 23. N5b4 Nd4 24. exf5+ Kxf5 25. Nf2 Be7 26. Nbd3 Ke6
27. Ne4 Nc6 28. Kf2 Nd4 29. g4 Bf6 30. Ke3 Nc2+ 1/2-1/2

[Event "Maipu-San Bernardo m"]
[Site "Maipu CHI"]
[Date "2001.10.27"]
[Round "2.2"]
[White "Castellanos, Renier"]
[Black "Pinto, Marcelo"]
[Result "1-0"]
[WhiteElo "2094"]
[BlackElo "2232"]
[PlyCount "43"]
[EventDate "2001.10.20"]
[EventType "team"]
[EventRounds "2"]
[EventCountry "CHI"]
[Source "ChessBase"]
[SourceDate "2005.11.24"]

1. e4 c5 2. Nf3 d6 3. d4 cxd4 4. Nxd4 Nf6 5. Nc3 g6 6. Be3 Bg7 7. f3 Nc6 8. Qd2
O-O 9. Bc4 Bd7 10. O-O-O Qb8 11. h4 b5 12. Be2 Rc8 13. h5 a5 14. hxg6 fxg6 15.
g4 b4 16. Nd5 Nxd5 17. exd5 b3 18. dxc6 Be6 19. cxb3 a4 20. Nxe6 axb3 21. a3
Rxc6+ 22. Nc5 1-0